[Event "Provence-ch prom Meyreuil 9900"]
[Site "France"]
[Date "2000.??.??"]
[Round "7"]
[White "Desurmont, Sylvain"]
[Black "Tsalikian, Robert"]
[Result "1-0"]
[WhiteElo "1940"]
[BlackElo "1700"]
[PlyCount "77"]
[EventDate "1999.??.??"]
[EventType "tourn"]
[EventRounds "9"]
[EventCountry "FRA"]
[SourceTitle "EXT 2005"]
[Source "ChessBase"]
[SourceDate "2004.11.15"]
[SourceVersion "1"]
[SourceVersionDate "2004.11.15"]
[SourceQuality "1"]

1. d4 Nf6 2. e3 e6 3. Bd3 b6 4. f4 Bb7 5. Nf3 c5 6. c3 Be7 7. 0-0 0-0 8. Nbd2 Nc6 9. Ne5 d6 10. Ng4 a6 11. Nb3 b5 12. Nxf6+ Bxf6 13. dxc5 d5 14. Rf3 g6 15. Rh3 b4 16. Nd4 Qe7 17. Nxc6 Bxc6 18. cxb4 Rfb8 19. Bd2 Bxb2 20. Rb1 Bg7 21. Qc2 e5 22. e4 exf4 23. exd5 Bxd5 24. Bxf4 Be5 25. Bxe5 Qxe5 26. a3 Rc8 27. Qf2 a5 28. Re3 Qg5 29. Rg3 Qh5 30. b5 a4 31. c6 Bb3 32. Rc1 Qd5 33. Qc5 Qxc5+ 34. Rxc5 Rab8 35. Re3 Rc7 36. Kf2 Kf8 37. Ke2 Be6 38. Bc2 Ke7 39. Bxa4 1-0